Liturgie et sacré

Gardado en:
Detalles Bibliográficos
Formato: Libro
Idioma:francés
Publicado: París Centre International d'Etudes Liturgiques 2003
Subjects:
Tags: Engadir etiqueta
Sen Etiquetas, Sexa o primeiro en etiquetar este rexistro!

MARC

LEADER 00000nam a2200000 a 4500
001 UCL4303
003 CL-VaPUC
005 20250227130635.0
008 040109e20030000fr 1 fre d
020 |a 2915025088 
082 0 4 |a 264.02  |b LIT  |2 21 
245 1 0 |a Liturgie et sacré 
260 |a París  |b Centre International d'Etudes Liturgiques  |c 2003 
300 |a 401 p 
583 |a last modification  |c 20190822 03:56:51  |k Rodrigo Vera 
600 0 |a Iglesia católica  |9 255129 
650 0 7 |a LITURGIA  |2 CL-VaPUC  |9 620475 
650 0 0 |a Vida cristiana  |9 258753 
650 0 0 |a Cristianismo  |9 257361 
942 |c BK 
945 |a cmena  |d 20040109 00:00:00 
546 |a En Francés 
536 |a Centre International d'Etudes Liturgiques 
518 |p Colloque d'Etudes Historiques Théologiques et Canoniques sur le Rite Romain, 8, Versailles, Novembre 2002 
999 |c 383968  |d 383966 
952 |0 0  |1 0  |4 0  |6 264_020000000000000_LIT_2003  |7 0  |8 A  |9 506308  |a BIBTEO  |b BIBTEO  |d 2020-01-23  |i 395823K  |o 264.02 LIT 2003  |p 395823K  |r 2025-01-17  |w 2020-01-23  |y BK  |k ICR